Famous People Named Carol, Carole, or Carroll - Statistics

General Stats
  • This quiz has been taken 337 times
  • The average score is 5 of 12
Answer Stats
Life Hint Person % Correct
1832-1898 Wrote Alice's Adventures in Wonderland Lewis Carroll
88%
1968- Few know this Men in Black actor's middle name is Carroll! Will Smith
63%
1942- Tapestry artist credited with 118 pop hits on the Billboard Hot 100 Carole King
61%
1933- Had her own groundbreaking comedy variety show Carol Burnett
52%
1961- Animal rights activist featured in The Tiger King miniseries Carole Baskin
34%
1924-2001 Archie Bunker in All in the Family Carroll O'Connor
34%
1938- Pulitzer-finalist who has written 58 novels, like Dark Water and them Joyce Carol {Oates}
32%
1908-1942 Zany actress of classic Hollywood screwball comedies Carole Lombard
28%
1921-2019 Starred in musicals; her characters had "a fervent expressiveness" Carol Channing
27%
Fictional Captain Marvel's "human" alias Carol {Danvers}
27%
1960- British host of Countdown Carol Vorderman
27%
1923-2012 Race car driver and automotive designer of Mustangs Carroll {Shelby}
14%
No matching quizzes found
Score Distribution
Percent of People with Each Score
Percentile by Number Answered
Your Score History
You have not taken this quiz